| Tag |
First Indicator |
Second Indicator |
Subfields |
| LEADER |
00000cam a2200000Ia 4500 |
| 001 |
in00002771721 |
| 006 |
m d |
| 007 |
cr cn||||||||| |
| 008 |
110927s2012 caua ob 001 0 eng d |
| 005 |
20250816205018.5 |
| 010 |
|
|
|z 2011040723
|
| 020 |
|
|
|z 9780804773058
|
| 020 |
|
|
|z 9780804773065
|
| 020 |
|
|
|z 9780804781671
|
| 035 |
|
|
|a (CaPaEBR)ebr10547378
|
| 040 |
|
|
|a CaPaEBR
|c CaPaEBR
|d UtOrBLW
|
| 050 |
1 |
4 |
|a HG4061
|b .C64 2012eb
|
| 082 |
0 |
4 |
|a 658.15/2082
|2 23
|
| 100 |
1 |
|
|a Coleman, Susan,
|d 1951-
|
| 245 |
1 |
2 |
|a A rising tide :
|b financing strategies for women-owned firms /
|c Susan Coleman and Alicia M. Robb.
|
| 264 |
|
1 |
|a Stanford, California :
|b Stanford Economics and Finance, an imprint of Stanford University Press,
|c [2012]
|
| 264 |
|
4 |
|c ©2012
|
| 300 |
|
|
|a 1 online resource (xii, 276 pages) :
|b illustrations
|
| 336 |
|
|
|a text
|b txt
|2 rdacontent
|
| 337 |
|
|
|a computer
|b c
|2 rdamedia
|
| 338 |
|
|
|a online resource
|b cr
|2 rdacarrier
|
| 504 |
|
|
|a Includes bibliographical references and index.
|
| 500 |
|
|
|a Electronic resource.
|
| 650 |
|
0 |
|a Businesswomen
|z United States.
|
| 650 |
|
0 |
|a Women-owned business enterprises
|z United States
|x Finance.
|
| 655 |
|
7 |
|a Electronic books.
|2 local
|
| 700 |
1 |
|
|a Robb, Alicia M.
|
| 710 |
2 |
|
|a ebrary, Inc.
|
| 856 |
4 |
0 |
|u https://ebookcentral.proquest.com/lib/tamucs/detail.action?docID=887886
|y Connect to the full text of this electronic book
|t 0
|
| 980 |
|
|
|a 120522
|b 85
|c USD
|e 127.5
|f YBP_EBR0000035969
|g 1
|
| 999 |
f |
f |
|s 7d66aece-aafc-3c48-ad90-aafb1dc5e096
|i 01d35a44-3625-3b65-9e27-91fa842689a6
|t 0
|
| 999 |
|
|
|a MARS
|
| 952 |
f |
f |
|a Texas A&M University
|b College Station
|c Electronic Resources
|d Available Online
|t 0
|e HG4061 .C64 2012eb
|h Library of Congress classification
|
| 998 |
f |
f |
|a HG4061 .C64 2012eb
|t 0
|l Available Online
|